000 00617nam a2200205Ia 4500
003 GCL
008 140319s9999 xx 000 0 ara d
040 _aGCL /
_cGCL
082 0 4 _a321.4
_bت ب
100 1 _aسعد زهران
245 1 0 _aبناء حضارة جديدة /
_cسعد زهران
700 1 _aتوفلر، الفن
300 _a137 ص
490 _aالهيئة العامة للاستعلامات
_v0
650 0 4 _aالاشتراكية
650 0 4 _aالديمقراطية
650 0 4 _aالمذاهب السياسية
650 0 4 _aالديمقراطية الصناعية
942 _2ddc
_cBK
999 _c48956
_d48956